Airlines of Birmingham International Airport (BHW) 2025 - Statistics

General Stats
  • This quiz has been taken 24 times
    11 since last reset
  • The average score is 19 of 25
Answer Stats
Answer % Correct
Aer Lingus
100%
Air France
100%
easyjet
100%
Jet2.com
100%
KLM
100%
Lufthansa
100%
Ryanair
100%
TUI Airways
100%
Wizz Air
100%
Turkish Airlines
88%
Air India
75%
Brussels Airlines
75%
Emirates
75%
Loganair
75%
Qatar Airways
75%
Swiss International Airlines
75%
Eurowings
63%
Pegasus Airlines
63%
Vueling
63%
Aurigny
50%
Corendon Airlines
50%
Saudia
50%
Scandinavian Airlines
50%
SunExpress
38%
Blue Islands
25%
No matching quizzes found
Score Distribution
Percent of People with Each Score
Percentile by Number Answered
Your Score History
You have not taken this quiz since the last reset